| 000 | 01224cam a2200265 4500 | ||
|---|---|---|---|
| 001 | L149240 | ||
| 008 | 040914s2007 000 0 eng u | ||
| 020 | _a1405129727 | ||
| 035 | _a(Sirsi) u149240 | ||
| 041 | _aeng | ||
| 050 |
_a690 _c21 |
||
| 100 | _aAnumba, Chimay J. | ||
| 245 |
_aKnowledge management in construction _h[electronic resource] |
||
| 260 |
_aOxford _bBlackwells _c2007 |
||
| 300 | _aeBook | ||
| 520 | _aDiscusses the concepts of knowledge management in relation to the construction industry's management of construction projects. Provides practical guidance on the implementation of knowledge management and how this can benefit organisations and projects. Covers basic definitions and fundamental concepts, the role of information technology and knowledge sharing. Includes practical examples from construction and other industry sectors. | ||
| 590 | _aIKA020805 | ||
| 650 | 2 | 4 | _aEBOOK |
| 651 | 4 | _aENGLAND AND WALES | |
| 690 | _aMANAGEMENT-BUSINESS MANAGEMENT-INFORMATION MANAGEMENT-KNOWLEDGE MANAGEMENT | ||
| 700 | _aEdbu, Charles | ||
| 700 | _aCarrillo, Patricia | ||
| 856 | 4 | 8 |
_uhttps://www.vlebooks.com/ _zView on VLEbooks. Logins for members only from [email protected] |
| 942 | _n0 | ||
| 999 |
_c110438 _d110438 |
||